[Event "Challenge"]
[Site "http://www.queenalice.com/game.php?id=123880"]
[Date "2006.10.31"]
[Round "-"]
[White "MadScot"]
[Black "b814nk1"]
[Result "0-1"]
[WhiteElo "1553"]
[BlackElo "1500"]

1. e4 e6 2. d4 b5 3. Bxb5 Bb7 4. Bd3 f5 5. Nc3 Bb4 6. Bd2 Nf6 7. exf5 Bxg2 8. f3
O-O 9. Kf2 Bxh1 10. Nh3 c5 11. a3 Bxc3 12. Bxc3 Nd5 13. Qxh1 Qh4+ 14. Ke2 Qxh3
15. Rg1 Nxc3+ 16. bxc3 Nc6 17. fxe6 cxd4 18. Qg2 Qxg2+ 19. Rxg2 Rae8 20. Kd2
dxe6 21. Bb5 dxc3+ 22. Kxc3 Rxf3+ 23. Kb2 Rb8 0-1

[Event "Challenge"]
[Site "http://www.queenalice.com/game.php?id=128788"]
[Date "2006.11.13"]
[Round "-"]
[White "b814nk1"]
[Black "MadScot"]
[Result "1-0"]
[WhiteElo "1727"]
[BlackElo "1650"]

1. e4 e5 2. Nf3 Nc6 3. Bb5 a6 4. Ba4 Nf6 5. Qe2 b5 6. Bb3 Be7 7. O-O O-O 8. c3
d6 9. d3 Bg4 10. Nbd2 d5 11. Rd1 d4 12. Nf1 Na5 13. Bc2 c5 14. h3 Bxf3 15. Qxf3
Nc6 16. Ng3 Qc7 17. Nf5 Rad8 18. Bb3 Na5 19. Qg3 Nh5 20. Qg4 g6 21. Nxe7+ Qxe7
22. Bd5 Qd6 23. Bh6 Rfe8 24. Bg5 Rd7 25. a4 Nf6 26. Bxf6 Qxf6 27. Qxd7 Qe7 28.
Qxe7 Rxe7 29. axb5 1-0

[Event "Challenge"]
[Site "http://www.queenalice.com/game.php?id=130472"]
[Date "2006.11.17"]
[Round "-"]
[White "Anderson_Aguiar"]
[Black "b814nk1"]
[Result "0-1"]
[WhiteElo "1508"]
[BlackElo "2060"]

1. e3 g6 2. Bc4 Bg7 3. Qf3 Nf6 4. Nh3 d5 5. Bb5+ c6 6. Ba4 Bg4 7. Qf4 Nbd7 8. f3
e5 9. Qb4 Bxh3 10. gxh3 b5 11. Bb3 a5 12. Qd6 Rc8 13. Rg1 Bf8 14. Qxd7+ Qxd7 15.
Rg3 a4 16. Bxa4 bxa4 17. e4 Bh6 18. b3 dxe4 19. fxe4 Nxe4 20. Re3 Bxe3 21. dxe3
Qf5 22. bxa4 Qf2+ 0-1

[Event "Challenge"]
[Site "http://www.queenalice.com/game.php?id=133142"]
[Date "2006.11.24"]
[Round "-"]
[White "Chessmachado"]
[Black "b814nk1"]
[Result "0-1"]
[WhiteElo "1692"]
[BlackElo "2056"]

1. d4 b5 2. e4 e6 3. Bxb5 Bb7 4. Qe2 f5 5. f3 fxe4 6. fxe4 Qh4+ 7. Kf1 Qxe4 8.
Qxe4 Bxe4 9. c3 c5 10. Be3 a6 11. Ba4 cxd4 12. Bxd4 Nc6 13. Ne2 Nf6 14. Nd2 Bd3
15. Bxc6 dxc6 16. Ke1 c5 17. Be3 Nd5 18. Bf2 Be7 19. Nc1 Bc2 20. Ne2 O-O 21. Rf1
Rab8 22. c4 Nb4 23. Rc1 Nd3# 0-1

[Event "Challenge"]
[Site "http://www.queenalice.com/game.php?id=134252"]
[Date "2006.11.27"]
[Round "-"]
[White "rxk"]
[Black "b814nk1"]
[Result "0-1"]
[WhiteElo "1793"]
[BlackElo "1834"]

1. d4 b5 2. e4 e6 3. Nf3 Bb7 4. Bxb5 Bxe4 5. O-O Nf6 6. Bg5 Be7 7. Bxf6 Bxf6 8.
Ne5 O-O 9. Nd2 Bb7 10. Bd3 c5 11. c3 cxd4 12. cxd4 d6 13. Nef3 Nc6 14. Nb3 a5
15. a4 Nb4 16. Bb1 Qb6 17. Qd2 e5 18. dxe5 dxe5 19. Ng5 Rad8 20. Qc1 Rc8 21. Qd2
Rfd8 22. Nxh7 Rxd2 0-1

[Event "Challenge"]
[Site "http://www.queenalice.com/game.php?id=141110"]
[Date "2006.12.13"]
[Round "-"]
[White "MadScot"]
[Black "b814nk1"]
[Result "0-1"]
[WhiteElo "1757"]
[BlackElo "2039"]

1. d4 Nf6 2. Nf3 d5 3. e3 e6 4. Bd3 b6 5. Nc3 Bb7 6. b3 c5 7. Ba3 Be7 8. Ne5 O-O
9. f4 cxd4 10. Bxe7 Qxe7 11. exd4 Nbd7 12. O-O Rac8 13. Ne2 Ne4 14. Qe1 f6 15.
Nxd7 Qxd7 16. Ng3 f5 17. Bxe4 dxe4 18. c3 Ba6 19. Rf2 Bd3 20. Ne2 Rc6 21. Nc1
Rfc8 22. Nxd3 exd3 23. Rc1 Qxd4 24. c4 b5 25. Qd2 bxc4 26. bxc4 Rxc4 27. Rxc4
Rxc4 28. Kf1 Qa1+ 0-1

[Event "Across the Pond"]
[Site "http://www.queenalice.com/game.php?id=144083"]
[Date "2006.12.20"]
[Round "-"]
[White "defconn4"]
[Black "b814nk1"]
[Result "0-1"]
[WhiteElo "1973"]
[BlackElo "2060"]

1. e4 e6 2. d4 b5 3. Bxb5 Bb7 4. Nc3 f5 5. exf5 Bxg2 6. Qh5+ g6 7. fxg6 Bg7 8.
gxh7+ Kf8 9. hxg8=Q+ Kxg8 10. Qg4 Bxh1 11. Bg5 Qf8 12. O-O-O Qf5 13. Qg3 Nc6 14.
Bd3 Qf7 15. Be4 Bxe4 16. Nxe4 Qg6 17. f3 d5 18. Nf6+ Bxf6 19. Bxf6 Qxg3 20. hxg3
Rh2 21. Re1 Kf7 22. Be5 Rg8 23. Re2 Rh1 24. Rg2 Nxe5 25. dxe5 Kg6 26. Kd2 Kf5
27. f4 c5 28. Kd3 a5 29. a4 Rb8 30. b3 Kg4 31. Ke3 Rb4 32. Nf3 Re4+ 33. Kf2 c4
34. Nh2+ Kh3 35. Nf1 c3 0-1

[Event "Challenge"]
[Site "http://www.queenalice.com/game.php?id=150669"]
[Date "2007.1.6"]
[Round "-"]
[White "b814nk1"]
[Black "tclout"]
[Result "1-0"]
[WhiteElo "1924"]
[BlackElo "1868"]

1. e4 e5 2. Nf3 Nf6 3. Nxe5 Qe7 4. Nf3 Qxe4+ 5. Be2 Bb4 6. O-O O-O 7. a3 Ba5 8.
d4 Re8 9. Bd3 Qg4 10. b4 Bb6 11. h3 Qh5 12. c4 1-0

[Event "Challenge"]
[Site "http://www.queenalice.com/game.php?id=160625"]
[Date "2007.1.29"]
[Round "-"]
[White "b814nk1"]
[Black "MadScot"]
[Result "1-0"]
[WhiteElo "2091"]
[BlackElo "1826"]

1. e4 c6 2. d4 d5 3. Nc3 dxe4 4. Nxe4 Bf5 5. Ng3 Bg6 6. h4 h6 7. Nf3 Nd7 8. h5
Bh7 9. Bd3 Bxd3 10. Qxd3 e6 11. Bd2 Ngf6 12. O-O-O Be7 13. c4 O-O 14. Kb1 Ng4
15. Qe2 Nb6 16. Rhe1 Nf6 17. Ne5 Qc7 18. Ne4 Rad8 19. Bf4 Qc8 20. g4 Nxg4 21.
Nxg4 f5 22. Nxh6+ gxh6 23. Bxh6 Rf7 24. Rg1+ Kh8 25. Nc5 Bxc5 26. Qe5+ Kh7 27.
Rg7+ Kxh6 28. Rxf7 Bf8 29. Qf6+ Kxh5 30. Rh1+ Kg4 31. Qh4+ Kf3 32. Qg3+ Ke4 33.
Qe3# 1-0

[Event "Challenge"]
[Site "http://www.queenalice.com/game.php?id=161108"]
[Date "2007.1.30"]
[Round "-"]
[White "b814nk1"]
[Black "serse"]
[Result "1-0"]
[WhiteElo "2104"]
[BlackElo "2210"]

1. e4 c5 2. Nf3 e6 3. d4 cxd4 4. Nxd4 Nf6 5. Nc3 d6 6. Be2 a6 7. O-O Be7 8. f4
O-O 9. Kh1 Qc7 10. a4 Nc6 11. Be3 Re8 12. Bf3 Bf8 13. Nb3 Bd7 14. a5 Rac8 15.
Bb6 Qb8 16. Qd2 Be7 17. Rad1 e5 18. Nd5 exf4 19. Qxf4 Ne5 20. Nd4 Nc4 21. b3
Nxd5 22. exd5 Nxb6 23. axb6 Bf6 24. Bg4 Bxg4 25. Qxg4 Bxd4 26. Rxd4 Re7 27. Re4
Rxe4 28. Qxe4 Re8 29. Qf5 Re7 30. c4 Qe8 31. h3 f6 32. Qf4 Qd8 33. Qg3 Re4 34.
Kh2 a5 35. Re1 Re5 36. Rxe5 fxe5 37. c5 g6 38. Qc3 dxc5 39. Qxc5 Qd7 40. d6 Kf7
41. Qxe5 h5 42. Kg3 Qe6 43. Qf4+ Ke8 44. Kh4 Kd7 45. Qf3 Kxd6 46. Kg5 Qe7+ 47.
Kxg6 Kc5 48. Qxh5+ Kxb6 49. Qd5 Qe8+ 50. Kg7 Qe3 51. g4 Qc3+ 52. Kg8 Qxh3 53. g5
Qc8+ 54. Kf7 Qc7+ 55. Kf8 Qc8+ 56. Ke7 Qc7+ 57. Qd7 Qc3 58. Qe6+ Ka7 59. g6 Qc7+
60. Ke8 Qb8+ 61. Kd7 Qf4 62. Qd6 Qf5+ 63. Ke7 Qe4+ 64. Kd8 Qe3 65. Qd5 Qb6+ 66.
Kc8 Qb4 67. Qe5 Qg4+ 68. Kc7 b6 69. g7 a4 70. Qe7 Ka6 71. bxa4 Qg1 72. Qf7 b5
73. g8=Q 1-0

[Event "Challenge"]
[Site "http://www.queenalice.com/game.php?id=273004"]
[Date "2007.9.17"]
[Round "-"]
[White "MadScot"]
[Black "b814nk1"]
[Result "0-1"]
[WhiteElo "1811"]
[BlackElo "2146"]

1. e4 c5 2. Nf3 Nc6 3. Bb5 g6 4. O-O Bg7 5. Re1 e5 6. Bxc6 dxc6 7. d3 Qe7 8. a4
Nh6 9. Bg5 f6 10. Be3 O-O 11. Nbd2 Nf7 12. Nb3 b6 13. Qd2 Bg4 14. Qe2 a5 15. h3
Be6 16. c4 Rad8 17. Rad1 Kh8 18. Nc1 Qc7 19. Na2 Rd6 20. Rd2 Rfd8 21. Red1 Qd7
22. Nc3 Qe7 23. b3 R8d7 24. Ne1 f5 25. exf5 gxf5 26. f4 exf4 27. Bxf4 Bxc3 28.
Bxd6 Qxd6 29. Rc2 Bd4+ 30. Kh1 f4 31. Nf3 Be3 32. Ne1 Nh6 33. Qh5 Nf5 34. Qg5
Rg7 35. Qf6 Bd4 0-1

[Event "Challenge"]
[Site "http://www.queenalice.com/game.php?id=367143"]
[Date "2008.3.7"]
[Round "-"]
[White "b814nk1"]
[Black "MadScot"]
[Result "1-0"]
[WhiteElo "2151"]
[BlackElo "1836"]

1. e4 c6 2. d4 d5 3. Nc3 dxe4 4. Nxe4 Bf5 5. Ng3 Bg6 6. h4 h6 7. h5 Bh7 8. Nf3
Nf6 9. Bd3 Bxd3 10. Qxd3 e6 11. Bd2 Bd6 12. O-O-O O-O 13. Ne4 Nbd7 14. c4 Nxe4
15. Qxe4 Nf6 16. Qe2 Qc7 17. g4 Nxg4 18. Rhg1 Nf6 19. Qe3 Kh7 20. Rxg7+ Kxg7 21.
Qxh6+ 1-0